[Event "37th IND-ch (w)"]
[Site "Bhubaneswar IND"]
[Date "2010.12.25"]
[Round "1"]
[White "Amrutha, Mokal"]
[Black "Tania, Sachdev"]
[Result "0-1"]
[WhiteElo "2089"]
[BlackElo "2385"]
[PlyCount "126"]
[EventDate "2010.12.25"]

1. e4 c5 2. Nf3 e6 3. d4 cxd4 4. Nxd4 a6 5. Nc3 Qc7 6. g3 Bb4 7. Bd2 Nf6 8. Bg2
Nc6 9. Nxc6 dxc6 10. O-O O-O 11. Qe2 e5 12. Nd5 Nxd5 13. exd5 Bxd2 14. Qxd2
cxd5 15. Qxd5 Rd8 16. Qb3 Rb8 17. Bd5 Bg4 18. Rfe1 b5 19. c4 h5 20. Qc3 Re8 21.
cxb5 Qxc3 22. bxc3 axb5 23. a4 bxa4 24. Rxa4 Be6 25. Bxe6 Rxe6 26. Rae4 Rb5 27.
R1e2 Rc5 28. R4e3 g5 29. Kg2 Kg7 30. h3 f5 31. f4 gxf4 32. gxf4 Rg6+ 33. Kf3
e4+ 34. Kf2 Rgc6 35. Rc2 h4 36. Ke1 Kf7 37. Kd2 Rg6 38. Ke1 Rgc6 39. Kd1 Rc4
40. Kc1 Rg6 41. Kb2 Rg1 42. Rc1 Rxc1 43. Kxc1 Ra4 44. Kb2 Ra8 45. Re1 Rd8 46.
Ra1 Rd2+ 47. Kb3 Rf2 48. Ra7+ Ke6 49. Ra6+ Kd7 50. Ra7+ Kc6 51. Kc4 Rxf4 52.
Ra6+ Kb7 53. Re6 Rf3 54. Re5 Kc6 55. Re6+ Kd7 56. Rf6 Ke7 57. Rh6 Rxh3 58. Kd4
e3 59. Kd3 f4 60. c4 Rh2 61. Ra6 Rd2+ 62. Kc3 f3 63. Ra1 f2 0-1

[Event "37th IND-ch (w)"]
[Site "Bhubaneswar IND"]
[Date "2010.12.25"]
[Round "1"]
[White "Preethi, Rajkumar"]
[Black "Padmini, Rout"]
[Result "0-1"]
[WhiteElo "2073"]
[BlackElo "2352"]
[PlyCount "60"]
[EventDate "2010.12.25"]

1. e4 c5 2. Nf3 d6 3. d4 cxd4 4. Nxd4 Nf6 5. Nc3 a6 6. Be2 e5 7. Nb3 Be7 8. O-O
O-O 9. Be3 Be6 10. f4 exf4 11. Bxf4 Nc6 12. Kh1 Rc8 13. Qe1 Nd7 14. Rd1 Nde5
15. Nd4 Nxd4 16. Rxd4 Qb6 17. Nd5 Qxd4 18. Nxe7+ Kh8 19. Nxc8 Rxc8 20. Bxe5
Qxe5 21. Qb4 Rxc2 22. Qxb7 g6 23. Bxa6 Rxb2 24. Qe7 Kg7 25. a4 Ra2 26. Bb7 Ra1
27. Ba6 Rxf1+ 28. Bxf1 Qa1 29. Kg1 Qd4+ 30. Kh1 Qf2 0-1

[Event "37th IND-ch (w)"]
[Site "Bhubaneswar IND"]
[Date "2010.12.25"]
[Round "1"]
[White "Soumya, Swaminathan"]
[Black "Harini, Sankaran"]
[Result "1-0"]
[WhiteElo "2332"]
[BlackElo "2063"]
[PlyCount "68"]
[EventDate "2010.12.25"]

1. e4 c5 2. Nf3 d6 3. d4 cxd4 4. Nxd4 Nf6 5. Nc3 e6 6. Be3 a6 7. f3 Be7 8. Qd2
Nc6 9. O-O-O O-O 10. g4 Nd7 11. h4 Nde5 12. Qg2 Nxd4 13. Bxd4 Nc6 14. Be3 b5
15. g5 Qa5 16. Kb1 b4 17. Ne2 d5 18. exd5 b3 19. axb3 Nb4 20. Nc1 exd5 21. Bd2
Bf5 22. Bxb4 Bxb4 23. Bd3 Bxd3 24. Rxd3 Rfd8 25. Rhd1 Rd7 26. f4 Rad8 27. Ne2
Bf8 28. f5 Qc5 29. Rd4 Qe7 30. Nc3 Qe5 31. Rxd5 Rxd5 32. Nxd5 Re8 33. f6 Kh8
34. Qf3 gxf6 1-0

[Event "37th IND-ch (w)"]
[Site "Bhubaneswar IND"]
[Date "2010.12.25"]
[Round "1"]
[White "Akshaya, A."]
[Black "Mohota, Nisha"]
[Result "0-1"]
[WhiteElo "2022"]
[BlackElo "2325"]
[PlyCount "68"]
[EventDate "2010.12.25"]

1. e4 c6 2. d4 d5 3. Nc3 dxe4 4. Nxe4 Nf6 5. Qd3 Nxe4 6. Qxe4 Nd7 7. c3 Nf6 8.
Qc2 Qd5 9. Nf3 Bf5 10. Bd3 Bxd3 11. Qxd3 e6 12. O-O Bd6 13. Re1 O-O-O 14. Qe2
Rhe8 15. Bg5 h6 16. Bh4 Qh5 17. Bxf6 gxf6 18. g3 Rg8 19. Kg2 Bc7 20. Nd2 Qg6
21. Nf3 Rd5 22. b4 Rh5 23. Rab1 f5 24. Ne5 Bxe5 25. dxe5 f4 26. Qf3 Qf5 27. Kh1
fxg3 28. Qxf5 Rxh2+ 29. Kg1 exf5 30. fxg3 Rxa2 31. Re3 f4 32. Rf3 Rxg3+ 33.
Rxg3 fxg3 34. Rf1 Rf2 0-1

[Event "37th IND-ch (w)"]
[Site "Bhubaneswar IND"]
[Date "2010.12.25"]
[Round "1"]
[White "Gomes, Mary Ann"]
[Black "Rathore, Sonakshi"]
[Result "1-0"]
[WhiteElo "2306"]
[BlackElo "1971"]
[PlyCount "73"]
[EventDate "2010.12.25"]

1. Nf3 Nf6 2. c4 c5 3. g3 b6 4. Bg2 Bb7 5. O-O e6 6. b3 d6 7. Bb2 Be7 8. Nc3 a6
9. d4 cxd4 10. Qxd4 Nc6 11. Qd2 Qc7 12. Rac1 O-O 13. Nd5 exd5 14. cxd5 Qd7 15.
dxc6 Bxc6 16. Qe3 Nd5 17. Qd3 Bb7 18. e4 Nf6 19. Nd4 d5 20. Nf5 Rad8 21. exd5
Rfe8 22. Rfd1 Bf8 23. Bxf6 gxf6 24. Be4 Re5 25. Ne3 Rh5 26. Bf5 Qb5 27. Qxb5
axb5 28. Rc7 Ba8 29. Rc8 Rxc8 30. Bxc8 Re5 31. d6 Re8 32. d7 Rd8 33. Nf5 Bc5
34. a3 Bxa3 35. Ra1 Be4 36. Re1 Bxf5 37. Re8+ 1-0

[Event "37th IND-ch (w)"]
[Site "Bhubaneswar IND"]
[Date "2010.12.25"]
[Round "1"]
[White "Sithalatchumi, A."]
[Black "Swathi, Ghate"]
[Result "0-1"]
[WhiteElo "1917"]
[BlackElo "2302"]
[PlyCount "78"]
[EventDate "2010.12.25"]

1. d4 d5 2. Nf3 Nf6 3. c4 c6 4. cxd5 cxd5 5. Nc3 Nc6 6. Bf4 a6 7. e3 Bg4 8. Be2
e6 9. Ne5 Bxe2 10. Qxe2 Nxe5 11. dxe5 Nd7 12. O-O Bc5 13. Qg4 g6 14. Rad1 h5
15. Qg3 h4 16. Qg4 Rh5 17. Nxd5 exd5 18. Rxd5 Qe7 19. Rc1 Bb6 20. Rd6 Rd8 21.
Qh3 Bc5 22. Rd5 Nb6 23. Rxd8+ Qxd8 24. e4 Nd7 25. e6 Nb6 26. exf7+ Kxf7 27. b4
Be7 28. Qb3+ Kf8 29. Bc7 Qc8 30. Rc3 Nd7 31. Be5 Qe8 32. Rf3+ Rf5 33. exf5 Nxe5
34. Re3 Bg5 35. Rc3 Kg7 36. Rc7+ Kh6 37. Qe6 Qd8 38. f4 Qd1+ 39. Kf2 Ng4# 0-1

[Event "37th IND-ch (w)"]
[Site "Bhubaneswar IND"]
[Date "2010.12.25"]
[Round "1"]
[White "Kiran, Manisha Mohanty"]
[Black "Shweta, Gole"]
[Result "1-0"]
[WhiteElo "2230"]
[BlackElo "1906"]
[PlyCount "49"]
[EventDate "2010.12.25"]

1. e4 c5 2. Nf3 d6 3. d4 cxd4 4. Nxd4 Nf6 5. Nc3 a6 6. Bg5 e6 7. f4 Be7 8. Qf3
Qc7 9. O-O-O b5 10. Bd3 Bb7 11. Rhe1 Nbd7 12. Qg3 b4 13. Nd5 exd5 14. exd5 g6
15. Qh4 O-O-O 16. Rxe7 Nxd5 17. Rxf7 Rde8 18. Rxh7 Rhg8 19. f5 gxf5 20. Rxd7
Qa5 21. Bxf5 Kb8 22. Nb3 Qb6 23. Bf4 Rd8 24. Bxd6+ Ka8 25. Bc5 1-0

[Event "37th IND-ch (w)"]
[Site "Bhubaneswar IND"]
[Date "2010.12.25"]
[Round "1"]
[White "Minki, Sinha"]
[Black "Saranya, J."]
[Result "0-1"]
[WhiteElo "1880"]
[BlackElo "2123"]
[PlyCount "72"]
[EventDate "2010.12.25"]

1. e4 c5 2. Nf3 d6 3. d4 cxd4 4. Nxd4 Nf6 5. Nc3 a6 6. f4 e5 7. Nf3 Nbd7 8. a4
b6 9. Bd3 Bb7 10. O-O Be7 11. Kh1 O-O 12. Qe1 Qc7 13. fxe5 dxe5 14. Nh4 g6 15.
Bh6 Rfe8 16. Nf5 Bf8 17. Bxf8 Kxf8 18. Nh6 Kg7 19. Qh4 Rf8 20. Ne2 Nh5 21. Qg5
f6 22. Qe3 Nc5 23. Ng4 Rad8 24. Rfd1 Qc6 25. Nc3 Nf4 26. a5 b5 27. Nf2 f5 28.
Qg3 b4 29. Na2 fxe4 30. Nxb4 Qf6 31. Bf1 Rxd1 32. Rxd1 Nh5 33. Qc3 Qxf2 34.
Qxe5+ Kh6 35. Bc4 Nd3 36. h3 Nxe5 0-1

[Event "37th IND-ch (w)"]
[Site "Bhubaneswar IND"]
[Date "2010.12.25"]
[Round "1"]
[White "Pujari, Rucha"]
[Black "Aparajita, Gochhikar"]
[Result "1-0"]
[WhiteElo "2114"]
[BlackElo "1871"]
[PlyCount "69"]
[EventDate "2010.12.25"]

1. d4 Nf6 2. Nf3 c6 3. g3 d5 4. Bg2 Bg4 5. Ne5 Bf5 6. O-O Nbd7 7. c4 e6 8. cxd5
exd5 9. Qb3 Qb6 10. Qe3 Be7 11. b3 Qc7 12. Bb2 Nxe5 13. dxe5 Ng4 14. Qc3 O-O-O
15. Nd2 d4 16. Qf3 Be6 17. Nc4 Nxe5 18. Nxe5 Qxe5 19. e3 Bc5 20. Rac1 h5 21. b4
Bb6 22. exd4 Bxd4 23. Rfe1 Qb5 24. a4 Qxa4 25. Bxd4 Rxd4 26. Ra1 Qxb4 27. Rec1
Rc4 28. Rcb1 Qc5 29. Bf1 Rc3 30. Qf4 Rd8 31. Ba6 bxa6 32. Rb8+ Kd7 33. Rd1+ Bd5
34. Qxf7+ Qe7 35. Rb7+ 1-0

[Event "37th IND-ch (w)"]
[Site "Bhubaneswar IND"]
[Date "2010.12.25"]
[Round "1"]
[White "Arunima, Kalra"]
[Black "Bharathi, Ramaraj"]
[Result "0-1"]
[WhiteElo "1866"]
[BlackElo "2111"]
[PlyCount "108"]
[EventDate "2010.12.25"]

1. e4 c5 2. c3 d5 3. exd5 Qxd5 4. d4 e6 5. Nf3 Nf6 6. Bd3 Nc6 7. O-O cxd4 8.
cxd4 Be7 9. Nc3 Qd6 10. Be3 O-O 11. a3 b6 12. Qe2 Bb7 13. Rfd1 Rac8 14. Rac1
Rfd8 15. b4 Qb8 16. Bc4 Re8 17. d5 exd5 18. Nxd5 Nxd5 19. Bxd5 Nd8 20. Rxc8
Qxc8 21. Rc1 Qb8 22. Qb5 Rf8 23. Bxb7 Nxb7 24. Qd7 Bd6 25. Ng5 Nd8 26. Rc8
Bxh2+ 27. Kh1 Qd6 28. Rxd8 Rxd8 29. Qxf7+ Kh8 30. Qh5 Qd1+ 31. Qxd1 Rxd1+ 32.
Kxh2 Ra1 33. Nf7+ Kg8 34. Nd8 Rxa3 35. Nc6 Kf7 36. g3 Ke6 37. Nxa7 Rxa7 38.
Bxb6 Ra2 39. Bc5 h5 40. b5 g5 41. Be3 Kf5 42. b6 Rb2 43. Kh3 Rb5 44. Bd4 Ke4
45. Be3 Kf3 46. Bd4 Rb1 47. Kh2 Rb4 48. Bc5 Rb5 49. Be3 g4 50. Bd4 Rb1 51. Bc5
Rb2 52. Kg1 Rb5 53. Bd4 Rd5 54. Bb2 Rd6 0-1

[Event "37th IND-ch (w)"]
[Site "Bhubaneswar IND"]
[Date "2010.12.25"]
[Round "1"]
[White "Swati, Mohota"]
[Black "Nivedhitha, J. G."]
[Result "1-0"]
[WhiteElo "2090"]
[BlackElo "1819"]
[PlyCount "116"]
[EventDate "2010.12.25"]

1. d4 Nf6 2. c4 g6 3. Nc3 Bg7 4. e4 d6 5. f3 O-O 6. Be3 Na6 7. Qd2 Re8 8. O-O-O
b6 9. Nge2 Bb7 10. g4 c5 11. d5 Nc7 12. Ng3 a6 13. Kb1 Bc8 14. h4 Rb8 15. h5
Nd7 16. Bh6 Bh8 17. Be2 b5 18. cxb5 Nxb5 19. Nxb5 axb5 20. Rc1 Ne5 21. Rc2 b4
22. b3 Ra8 23. Nf5 Ra3 24. f4 Nd7 25. Ne3 Ba6 26. Bxa6 Rxa6 27. Nc4 Nf6 28. Qg2
Qd7 29. f5 Rea8 30. hxg6 fxg6 31. Bg5 Rf8 32. Qh3 Rf7 33. fxg6 Rg7 34. Bxf6
exf6 35. gxh7+ Rxh7 36. Qxh7+ Qxh7 37. Rxh7 Kxh7 38. Rh2+ Kg8 39. Rh5 Bg7 40.
Rf5 Kh7 41. g5 Kg6 42. gxf6 Bxf6 43. Rf2 Be7 44. e5 dxe5 45. Nxe5+ Kg5 46. Rf7
Bf6 47. Nc4 Ra8 48. Rc7 Bd4 49. d6 Kf6 50. d7 Rd8 51. Nb6 Ke7 52. Kc2 c4 53.
Nxc4 Rxd7 54. Rxd7+ Kxd7 55. Kd3 Bc3 56. Ne3 Kc6 57. Kc4 Bd2 58. Nd5 Be1 1-0

[Event "37th IND-ch (w)"]
[Site "Bhubaneswar IND"]
[Date "2010.12.26"]
[Round "2"]
[White "Tania, Sachdev"]
[Black "Kiran, Manisha Mohanty"]
[Result "1-0"]
[WhiteElo "2385"]
[BlackElo "2230"]
[PlyCount "137"]
[EventDate "2010.12.25"]

1. d4 Nf6 2. c4 g6 3. Nc3 d5 4. Bg5 Ne4 5. Bh4 Nxc3 6. bxc3 dxc4 7. e3 Be6 8.
Be2 Bg7 9. Nf3 O-O 10. O-O c5 11. Ng5 Bd5 12. e4 h6 13. exd5 hxg5 14. Bxg5 cxd4
15. Bxc4 Qd6 16. Re1 Re8 17. Rb1 Nd7 18. Rxb7 Ne5 19. Bf4 dxc3 20. Qe2 Rac8 21.
Bb3 c2 22. Bxc2 Qxd5 23. Be4 Qa5 24. Rb5 Qc3 25. Bxe5 Bxe5 26. Bxg6 Bxh2+ 27.
Kxh2 fxg6 28. Rb7 Rc7 29. Qb5 Qxe1 30. Rxc7 Rf8 31. Qc4+ Rf7 32. Rxa7 Qe5+ 33.
Kg1 Qa1+ 34. Qf1 Qd4 35. Ra6 Kg7 36. Re6 Qd5 37. Qe2 Kf8 38. Rxg6 Qf5 39. Rb6
Qf4 40. Qb2 Rf6 41. Rxf6+ exf6 42. Qa3+ Kf7 43. Qb3+ Kf8 44. Qc3 Kf7 45. a3 Qe4
46. Qb3+ Kg7 47. Qb4 Qe2 48. Qb7+ Kg6 49. Qf3 Qe1+ 50. Kh2 Qa1 51. Qg4+ Kf7 52.
Qd7+ Kg6 53. Qe8+ Kg7 54. a4 Qd4 55. Qe7+ Kg6 56. Qa3 Kf7 57. Qb3+ Kf8 58. Qa3+
Kf7 59. Qa2+ Kf8 60. a5 Qa7 61. a6 Kg7 62. Qa3 Kg6 63. Kg1 Kg7 64. Qd6 Kg6 65.
Qg3+ Kh7 66. Qd3+ Kg7 67. Qb5 Qd4 68. Qb7+ Kg6 69. g3 1-0

[Event "37th IND-ch (w)"]
[Site "Bhubaneswar IND"]
[Date "2010.12.26"]
[Round "2"]
[White "Padmini, Rout"]
[Black "Pujari, Rucha"]
[Result "1-0"]
[WhiteElo "2352"]
[BlackElo "2114"]
[PlyCount "73"]
[EventDate "2010.12.25"]

1. e4 d6 2. d4 Nf6 3. Nc3 g6 4. Nf3 Bg7 5. h3 a6 6. a4 O-O 7. Bd3 Nbd7 8. e5
Ne8 9. exd6 Nxd6 10. O-O c5 11. d5 c4 12. Be2 Rb8 13. Bf4 b5 14. axb5 axb5 15.
Nd4 Bxd4 16. Qxd4 Qb6 17. Qxb6 Nxb6 18. Bxd6 exd6 19. Nxb5 Nxd5 20. Bxc4 Be6
21. b3 Nb4 22. c3 Bxc4 23. bxc4 Nd3 24. Nxd6 Rfd8 25. Ra6 Rb3 26. Ne4 Nf4 27.
Re1 Kg7 28. Ra7 Rdb8 29. Nd6 Rb1 30. Rxf7+ Kg8 31. Rxb1 Rxb1+ 32. Kh2 Nd3 33.
Rc7 Nxf2 34. c5 Rd1 35. Rd7 Rd3 36. c6 Rxc3 37. c7 1-0

[Event "37th IND-ch (w)"]
[Site "Bhubaneswar IND"]
[Date "2010.12.26"]
[Round "2"]
[White "Swathi, Ghate"]
[Black "Soumya, Swaminathan"]
[Result "1/2-1/2"]
[WhiteElo "2302"]
[BlackElo "2332"]
[PlyCount "113"]
[EventDate "2010.12.25"]

1. e4 c6 2. d4 d5 3. Nd2 dxe4 4. Nxe4 Bf5 5. Ng3 Bg6 6. Nh3 e6 7. Nf4 Nf6 8.
Bc4 Bd6 9. O-O Qc7 10. Nxg6 hxg6 11. Qf3 Nbd7 12. Bb3 O-O-O 13. h3 Nb6 14. Bg5
Be7 15. Rad1 Nh5 16. Ne4 Bxg5 17. Nxg5 Nf4 18. Rfe1 Rh5 19. Re5 Nd7 20. Nxf7
Nxe5 21. Nxe5 Rf8 22. Qe4 Rg5 23. Ng4 Kb8 24. Re1 Qd6 25. c3 Re8 26. Re3 Nd5
27. Rf3 Rf5 28. Ne5 Nf6 29. Qe3 Rxf3 30. Qxf3 c5 31. Nc4 Qc7 32. dxc5 Qxc5 33.
Qg3+ Qc7 34. Qxg6 Rd8 35. Qg5 Rd5 36. Qe3 e5 37. Nd2 Rd8 38. Nf3 Re8 39. Ng5
Qd6 40. Nf7 Qb6 41. Qxb6 axb6 42. Kf1 Kc7 43. Ke2 Re7 44. Ke3 b5 45. g4 Nd7 46.
Bd5 Nb6 47. Bb3 Nc4+ 48. Bxc4 bxc4 49. Ng5 Kd6 50. Ke4 b5 51. Kf5 e4 52. Kf4
Kd5 53. h4 Re8 54. h5 Rf8+ 55. Ke3 Ra8 56. a3 Re8 57. Kf4 1/2-1/2

[Event "37th IND-ch (w)"]
[Site "Bhubaneswar IND"]
[Date "2010.12.26"]
[Round "2"]
[White "Mohota, Nisha"]
[Black "Swati, Mohota"]
[Result "1/2-1/2"]
[WhiteElo "2325"]
[BlackElo "2090"]
[PlyCount "35"]
[EventDate "2010.12.25"]

1. e4 e6 2. d4 d5 3. exd5 exd5 4. Qe2+ Qe7 5. Qxe7+ Nxe7 6. Nf3 Bf5 7. c3 Nbc6
8. Bb5 O-O-O 9. O-O a6 10. Bxc6 Nxc6 11. Re1 Bd6 12. Be3 h6 13. Nbd2 Rhe8 14.
Nf1 Na5 15. b3 Ba3 16. Bd2 Bb2 17. Rxe8 Rxe8 18. Re1 1/2-1/2

[Event "37th IND-ch (w)"]
[Site "Bhubaneswar IND"]
[Date "2010.12.26"]
[Round "2"]
[White "Saranya, J."]
[Black "Gomes, Mary Ann"]
[Result "0-1"]
[WhiteElo "2123"]
[BlackElo "2306"]
[PlyCount "70"]
[EventDate "2010.12.25"]

1. e4 e6 2. Nf3 d5 3. Nc3 Nf6 4. e5 Nfd7 5. d4 c5 6. dxc5 Nc6 7. Bf4 Nxc5 8.
Bd3 Be7 9. O-O O-O 10. Re1 Nxd3 11. Qxd3 Bd7 12. Ne2 Qb6 13. c3 Qxb2 14. Bg5
Qa3 15. Reb1 b6 16. Ng3 Qc5 17. Bxe7 Nxe7 18. Rb4 Rac8 19. Ne2 a5 20. Rb2 b5
21. Rd1 Ng6 22. Qb1 Qc7 23. Ng5 Qxe5 24. f4 Qf6 25. g3 h6 26. Nf3 e5 27. Nxe5
Nxe5 28. fxe5 Qxe5 29. Qd3 Bg4 30. Qxd5 Qe3+ 31. Kf1 Bh3+ 32. Ke1 Rxc3 33. Qd4
Re8 34. Qxe3 Rcxe3 35. Kf2 Rxe2+ 0-1

[Event "37th IND-ch (w)"]
[Site "Bhubaneswar IND"]
[Date "2010.12.26"]
[Round "2"]
[White "Bharathi, Ramaraj"]
[Black "Karavade, Eesha"]
[Result "0-1"]
[WhiteElo "2111"]
[BlackElo "2369"]
[PlyCount "66"]
[EventDate "2010.12.25"]

1. e4 c5 2. Nf3 d6 3. d4 cxd4 4. Nxd4 Nf6 5. Nc3 e6 6. Be2 Be7 7. O-O O-O 8. f4
Nc6 9. Be3 Bd7 10. Nb3 a6 11. a4 Na5 12. e5 Ne8 13. Bd3 Nxb3 14. cxb3 Bc6 15.
Qc2 g6 16. Ne4 Rc8 17. Qe2 Qa5 18. Bd4 Bxe4 19. Qxe4 d5 20. Qf3 Qb4 21. Qe3 Ng7
22. g4 Qxb3 23. f5 exf5 24. gxf5 Nxf5 25. Rxf5 gxf5 26. Qh3 Rc6 27. Qxf5 Rg6+
28. Kh1 Kh8 29. Qf1 Rg7 30. e6 f6 31. Rc1 Qxa4 32. Qf4 Qb4 33. Qh4 Qd2 0-1

[Event "37th IND-ch (w)"]
[Site "Bhubaneswar IND"]
[Date "2010.12.26"]
[Round "2"]
[White "Pratyusha, Bodda"]
[Black "Amrutha, Mokal"]
[Result "1-0"]
[WhiteElo "2086"]
[BlackElo "2089"]
[PlyCount "69"]
[EventDate "2010.12.25"]

1. e4 c5 2. Nc3 a6 3. f4 b5 4. Nf3 Bb7 5. d3 e6 6. g3 b4 7. Ne2 Be7 8. Bg2 Nc6
9. O-O h5 10. h3 d5 11. exd5 exd5 12. d4 Nh6 13. Be3 Nf5 14. Bf2 c4 15. c3 a5
16. Qc2 g6 17. Ne5 Rc8 18. Rad1 O-O 19. Bf3 Nxe5 20. dxe5 Qd7 21. g4 hxg4 22.
Bxg4 Qc6 23. Bd4 Nh4 24. Kh2 Rcd8 25. f5 Bc8 26. f6 Bc5 27. Qd2 Kh7 28. Qg5 Rh8
29. Qxh4+ Kg8 30. Qg3 Bxg4 31. Qxg4 Re8 32. Nf4 Rh6 33. Bxc5 Qxc5 34. Rxd5 Qe3
35. e6 1-0

[Event "37th IND-ch (w)"]
[Site "Bhubaneswar IND"]
[Date "2010.12.26"]
[Round "2"]
[White "Shweta, Gole"]
[Black "Preethi, Rajkumar"]
[Result "0-1"]
[WhiteElo "1906"]
[BlackElo "2073"]
[PlyCount "80"]
[EventDate "2010.12.25"]

1. d4 Nf6 2. Nf3 e6 3. e3 b6 4. Bd3 Bb7 5. Nbd2 d5 6. O-O Bd6 7. b3 O-O 8. Bb2
Nbd7 9. Ne5 Ne4 10. f3 Nxd2 11. Qxd2 f6 12. Nxd7 Qxd7 13. f4 f5 14. Rf3 a5 15.
Qe2 a4 16. a3 axb3 17. cxb3 Ra7 18. Rh3 Rfa8 19. a4 Ba6 20. Rb1 Bxd3 21. Qxd3
b5 22. axb5 Rb7 23. b6 Rxb6 24. Rf3 Qb5 25. Qd2 Qxb3 26. Rff1 Ra2 27. Rf2 Ba3
28. Qc1 c6 29. h3 Rxb2 30. Rbxb2 Bxb2 31. Qc5 Qb4 32. Qc2 Ba3 33. Kh2 Qb2 34.
Qxb2 Rxb2 35. Rxb2 Bxb2 36. Kg3 Ba3 37. Kf3 c5 38. dxc5 Bxc5 39. Kg3 Bxe3 40.
Kh4 Bxf4 0-1

[Event "37th IND-ch (w)"]
[Site "Bhubaneswar IND"]
[Date "2010.12.26"]
[Round "2"]
[White "Harini, Sankaran"]
[Black "Minki, Sinha"]
[Result "1-0"]
[WhiteElo "2063"]
[BlackElo "1880"]
[PlyCount "153"]
[EventDate "2010.12.25"]

1. e4 c5 2. Nf3 d6 3. d4 cxd4 4. Nxd4 Nf6 5. Nc3 e6 6. Bc4 a6 7. Bb3 b5 8. Qf3
Bb7 9. Bg5 Be7 10. Bxe6 O-O 11. Bb3 Nxe4 12. Nxe4 Bxg5 13. O-O Nd7 14. Qg4 Bxe4
15. Qxe4 Nc5 16. Qd5 Bf6 17. Rad1 Qc7 18. c3 Bxd4 19. Rxd4 Rad8 20. Rfd1 Rfe8
21. Qf3 Nxb3 22. axb3 g6 23. Qd3 Re7 24. g3 Red7 25. Rd5 Qb6 26. h4 h5 27. Qd2
Qc6 28. Qd4 Kh7 29. c4 Rc8 30. cxb5 axb5 31. Qd3 Qc2 32. Rxh5+ Kg8 33. Rxb5
Qxd3 34. Rxd3 Rc2 35. Kg2 Rxb2 36. g4 Kg7 37. Kg3 Rb1 38. b4 Kf6 39. Kf4 Rb2
40. f3 d5 41. Rb6+ Kg7 42. Ke5 Re2+ 43. Kd4 Rh2 44. b5 Rxh4 45. Kc5 Rh1 46. Rd6
Rc1+ 47. Kxd5 Rb7 48. Rb3 Rbc7 49. Rb4 Rd1+ 50. Rd4 Rb1 51. Rb6 Rd7+ 52. Kc5
Rxd4 53. Kxd4 Rb3 54. Ke4 Rb4+ 55. Ke3 Rb3+ 56. Kf4 Rb4+ 57. Kg3 Rb1 58. g5
Rg1+ 59. Kf4 Rb1 60. Rb8 Rb4+ 61. Ke5 Rb3 62. f4 Re3+ 63. Kd4 Rf3 64. Ke4 Rb3
65. b6 Rb4+ 66. Ke5 Rb5+ 67. Kd6 Rb1 68. Kc6 Rc1+ 69. Kb7 Rc4 70. Rc8 Rxf4 71.
Rc5 Re4 72. Kc8 Kf8 73. b7 Re8+ 74. Kc7 Re7+ 75. Kb6 Rxb7+ 76. Kxb7 Ke7 77. Rc6
1-0

[Event "37th IND-ch (w)"]
[Site "Bhubaneswar IND"]
[Date "2010.12.26"]
[Round "2"]
[White "Aparajita, Gochhikar"]
[Black "Akshaya, A."]
[Result "1-0"]
[WhiteElo "1871"]
[BlackElo "2022"]
[PlyCount "119"]
[EventDate "2010.12.25"]

1. e4 e5 2. Nf3 Nc6 3. Bc4 Be7 4. d4 d6 5. d5 Nb8 6. Bd3 Nf6 7. c4 O-O 8. Nc3
Ne8 9. O-O f5 10. exf5 Bxf5 11. Bxf5 Rxf5 12. Qd3 g6 13. Ne4 Ng7 14. h3 Nd7 15.
Nh2 Nh5 16. g3 Qf8 17. Qb3 b6 18. g4 Rf4 19. Qd3 Rxe4 20. Qxe4 Nc5 21. Qf3 Nf6
22. Be3 Qg7 23. Qe2 Ncd7 24. f4 exf4 25. Bxf4 Bf8 26. Rae1 Re8 27. Qf2 Rxe1 28.
Rxe1 Qf7 29. Qe3 Nc5 30. Nf3 h6 31. Bxh6 Bxh6 32. Qxh6 Nfe4 33. Qe3 a5 34. b3
Qf6 35. Nd4 Qh4 36. Rf1 Qg3+ 37. Qxg3 Nxg3 38. Re1 Kf7 39. Ne6 Nge4 40. Nxc7
Nc3 41. a4 Nxb3 42. Nb5 Nxb5 43. cxb5 Nc5 44. Rf1+ Kg7 45. Rf4 Nd3 46. Rc4 Nb2
47. Rd4 Kf6 48. Re4 g5 49. Re6+ Kf7 50. Rxd6 Nxa4 51. Kh2 Nc3 52. Rxb6 a4 53.
Rb8 a3 54. b6 Na4 55. b7 a2 56. Rf8+ Kg7 57. b8=Q a1=Q 58. Rf2 Qd4 59. Qf8+ Kg6
60. Qf7+ 1-0

[Event "37th IND-ch (w)"]
[Site "Bhubaneswar IND"]
[Date "2010.12.26"]
[Round "2"]
[White "Rathore, Sonakshi"]
[Black "Arunima, Kalra"]
[Result "0-1"]
[WhiteElo "1971"]
[BlackElo "1866"]
[PlyCount "84"]
[EventDate "2010.12.25"]

1. e4 c5 2. Nf3 Nc6 3. c3 Nf6 4. e5 Nd5 5. d4 cxd4 6. cxd4 e6 7. Bc4 Nb6 8. Bd3
d6 9. O-O dxe5 10. dxe5 Nb4 11. Be4 Qxd1 12. Rxd1 Bd7 13. Nc3 Bc6 14. Bxc6+
Nxc6 15. Nb5 Nd5 16. Rxd5 exd5 17. Nc7+ Kd7 18. Nxa8 Bc5 19. Bf4 Rxa8 20. Rd1
d4 21. b4 Nxb4 22. Nxd4 Nxa2 23. Be3 Nc3 24. Rd2 Ke8 25. Nf5 Bxe3 26. fxe3 b5
27. Nxg7+ Kf8 28. Nf5 a5 29. Nd4 b4 30. Rf2 a4 31. e6 Ra7 32. Nc6 Rb7 33. Nd8
Rb6 34. Rxf7+ Ke8 35. Nb7 Rxe6 36. Rxh7 a3 37. Rh8+ Ke7 38. Rh7+ Ke8 39. Nc5 a2
40. Nb3 Rxe3 41. Kf1 Na4 42. Na1 b3 0-1

[Event "37th IND-ch (w)"]
[Site "Bhubaneswar IND"]
[Date "2010.12.26"]
[Round "2"]
[White "Nivedhitha, J. G."]
[Black "Sithalatchumi, A."]
[Result "0-1"]
[WhiteElo "1819"]
[BlackElo "1917"]
[PlyCount "70"]
[EventDate "2010.12.25"]

1. e4 e6 2. d4 d5 3. exd5 exd5 4. Bd3 Bd6 5. h3 Nc6 6. Nf3 Nge7 7. O-O Be6 8.
c3 f6 9. Qc2 Qd7 10. Nh2 O-O-O 11. f4 Bf5 12. Nd2 Bxd3 13. Qxd3 Ng6 14. Nb3
Rhe8 15. f5 Nh8 16. Bf4 Nf7 17. Bxd6 Nxd6 18. Nc5 Qf7 19. Ne6 Rd7 20. Rae1 Rde7
21. Nf3 Nd8 22. Nxd8 Kxd8 23. Rxe7 Rxe7 24. g4 Qe8 25. Rf2 Re3 26. Qc2 Qe4 27.
Qd1 h5 28. Rf1 hxg4 29. hxg4 Rd3 30. Qa4 Qxg4+ 31. Kh1 Rxf3 32. Rxf3 Qxf3+ 33.
Kg1 Ne4 34. Qc2 Ng3 35. Kh2 Ne2 0-1

[Event "37th IND-ch (w)"]
[Site "Bhubaneswar IND"]
[Date "2010.12.27"]
[Round "3"]
[White "Gomes, Mary Ann"]
[Black "Tania, Sachdev"]
[Result "1/2-1/2"]
[WhiteElo "2306"]
[BlackElo "2385"]
[PlyCount "36"]
[EventDate "2010.12.25"]

1. Nf3 Nf6 2. g3 c5 3. Bg2 Nc6 4. c4 g6 5. b3 Bg7 6. Bb2 d6 7. O-O O-O 8. d4
cxd4 9. Nxd4 Bd7 10. Nc2 Qc8 11. Nc3 Bh3 12. Ne3 Bxg2 13. Kxg2 Ne4 14. Qc2 Nxc3
15. Bxc3 Qe6 16. Bxg7 Kxg7 17. Nd5 Rac8 18. Qd3 a6 1/2-1/2

[Event "37th IND-ch (w)"]
[Site "Bhubaneswar IND"]
[Date "2010.12.27"]
[Round "3"]
[White "Soumya, Swaminathan"]
[Black "Padmini, Rout"]
[Result "1-0"]
[WhiteElo "2332"]
[BlackElo "2352"]
[PlyCount "57"]
[EventDate "2010.12.25"]

1. e4 c5 2. Nf3 d6 3. d4 cxd4 4. Nxd4 Nf6 5. Nc3 a6 6. Bg5 e6 7. f4 Qc7 8. Qe2
b5 9. e5 dxe5 10. fxe5 Nfd7 11. O-O-O Bb7 12. h4 b4 13. Na4 Nc6 14. Nxe6 fxe6
15. Qg4 Nd8 16. Bxd8 Rxd8 17. Qxe6+ Be7 18. Bc4 Nxe5 19. Rxd8+ Kxd8 20. Rd1+
Ke8 21. Nb6 Rf8 22. Bb3 Nd3+ 23. Rxd3 Rf1+ 24. Kd2 Qf4+ 25. Qe3 Qxe3+ 26. Rxe3
Kd8 27. Rd3+ Ke8 28. Ba4+ Kf8 29. g3 1-0

[Event "37th IND-ch (w)"]
[Site "Bhubaneswar IND"]
[Date "2010.12.27"]
[Round "3"]
[White "Karavade, Eesha"]
[Black "Mohota, Nisha"]
[Result "1/2-1/2"]
[WhiteElo "2369"]
[BlackElo "2325"]
[PlyCount "86"]
[EventDate "2010.12.25"]

1. d4 f5 2. Nf3 Nf6 3. g3 g6 4. Bg2 Bg7 5. O-O O-O 6. b3 Ne4 7. Bb2 d5 8. Nbd2
Be6 9. c4 c6 10. Qc2 a5 11. Rac1 Nd7 12. a3 h6 13. Rfd1 Qe8 14. e3 g5 15. a4
Qh5 16. Nxe4 fxe4 17. Ne5 Bxe5 18. dxe5 Rf5 19. cxd5 cxd5 20. Rd2 Nxe5 21. Bxe5
Rxe5 22. Qb2 Rf5 23. Rc7 Rf7 24. Qe5 Qg6 25. Rxb7 Qf6 26. Qxf6 exf6 27. Rb6 Re7
28. Rc2 Kf7 29. Bf1 f5 30. Be2 Kf6 31. Kf1 Ke5 32. Ke1 f4 33. Rcc6 f3 34. Bf1
h5 35. Rc5 h4 36. Bc4 hxg3 37. hxg3 Rh8 38. Rxa5 Rh1+ 39. Kd2 Rh2 40. Ke1 Rh1+
41. Kd2 Rh2 42. Ke1 Rh1+ 43. Kd2 Rh2 1/2-1/2